000 00817na a2200253 4500
001 14404
003 MIRAKIL
005 20181213154848.0
008 161101b tu 000 0
040 _aMilas
_btur
_cTR-AnCHP
041 _atur
082 _a956.703
_bT34y 2002
090 _a956.703 T34y 2002
100 _aTekcan, Ahmet Recep
245 _a111 nolu Kerkük mufassal tahrir defterine göre XVI. yüzyılda Kerkük
_cAhmet Recep Tekcan
260 _aAnkara
_bİhlas Gazetecilik
_c2002
300 _a208 s.
_bres.;tabl.
_c24 sm.
502 _aTez (Yüksek lisans)
_cGazi Üniversitesi
504 _aKaynakça var.
650 _aTarih
_xTezler
651 _aKerkük
_xSosyal yaşam ve gelenekler
_y16. yüzyıl
_yAraştırma ve inceleme
651 _aKerkük
_xTarih
_y16. yüzyıl
942 _2ddc
_cBKS
999 _c2187
_d2187